Gender Diversity in the Executive Board : Progress Report of the Executive Board to the Board of Governors.

Executive Directors underscore the importance of promoting gender diversity at the IMF's Executive Board and the Offices of Executive Directors (OEDs). The Executive Board recognizes that a diversity of views contributes to stronger decision making and is committed to ongoing efforts to improve...

Full description

Bibliographic Details
Corporate Author: International Monetary Fund. Secretary's Department
Format: Journal
Language:English
Published: Washington, D.C. : International Monetary Fund, 2020.
Series:Policy Papers; Policy Paper ; No. 2020/062
Subjects:
Online Access:Full text available on IMF
LEADER 01817cas a2200265 a 4500
001 AALejournalIMF021382
008 230101c9999 xx r poo 0 0eng d
020 |c 5.00 USD 
020 |z 9781513561882 
022 |a 2663-3493 
040 |a BD-DhAAL  |c BD-DhAAL 
110 2 |a International Monetary Fund.  |b Secretary's Department. 
245 1 0 |a Gender Diversity in the Executive Board :   |b Progress Report of the Executive Board to the Board of Governors. 
264 1 |a Washington, D.C. :  |b International Monetary Fund,  |c 2020. 
300 |a 1 online resource (10 pages) 
490 1 |a Policy Papers 
500 |a <strong>Off-Campus Access:</strong> No User ID or Password Required 
500 |a <strong>On-Campus Access:</strong> No User ID or Password Required 
506 |a Electronic access restricted to authorized BRAC University faculty, staff and students 
520 3 |a Executive Directors underscore the importance of promoting gender diversity at the IMF's Executive Board and the Offices of Executive Directors (OEDs). The Executive Board recognizes that a diversity of views contributes to stronger decision making and is committed to ongoing efforts to improve the gender profile of the Board and Offices of the Executive Directors. The Fund's membership has also indicated that it places importance on this issue; the International Monetary and Financial Committee (IMFC) has consistently drawn attention in its communiques to the importance of enhancing the gender diversity of the Executive Board. 
538 |a Mode of access: Internet 
650 7 |a Economics Of Gender  |2 imf 
650 7 |a Non-Labor Discrimination  |2 imf 
830 0 |a Policy Papers; Policy Paper ;  |v No. 2020/062 
856 4 0 |z Full text available on IMF  |u http://elibrary.imf.org/view/journals/007/2020/062/007.2020.issue-062-en.xml  |z IMF e-Library